| Tag |
First Indicator |
Second Indicator |
Subfields |
| LEADER |
00000cam a2200000 a 4500 |
| 001 |
in00000014873 |
| 005 |
20151007052917.0 |
| 008 |
870708s1987 mau b 00110 eng |
| 010 |
|
|
|a 87403029
|
| 020 |
|
|
|a 0880820047
|
| 035 |
|
|
|a (OCoLC)15711320
|
| 035 |
|
|
|9 AAA9673AM
|
| 040 |
|
|
|a DLC
|c DLC
|d TXA
|d UtOrBLW
|
| 043 |
|
|
|a n-us---
|a e-uk---
|
| 049 |
|
|
|a TXAF
|c [A11485626]
|
| 050 |
0 |
0 |
|a Z5311
|b .F55 1983 Suppl.
|a CS47
|
| 082 |
0 |
|
|a 016.929/1/072073
|2 19
|
| 100 |
1 |
|
|a Filby, P. William
|q (Percy William),
|d 1911-2002.
|
| 245 |
1 |
0 |
|a American & British genealogy & heraldry.
|p 1982-1985 supplement /
|c compiled by P. William Filby.
|
| 264 |
|
1 |
|a Boston :
|b New England Historic Genealogical Society,
|c 1987.
|
| 300 |
|
|
|a xvii, 230 pages ;
|c 24 cm.
|
| 336 |
|
|
|a text
|b txt
|2 rdacontent
|
| 337 |
|
|
|a unmediated
|b n
|2 rdamedia
|
| 338 |
|
|
|a volume
|b nc
|2 rdacarrier
|
| 500 |
|
|
|a "Supplement to third edition"--Pref.
|
| 651 |
|
0 |
|a United States
|v Genealogy
|x Bibliography.
|
| 651 |
|
0 |
|a Great Britain
|x Genealogy
|v Bibliography.
|
| 650 |
|
0 |
|a Genealogy
|v Bibliography.
|
| 650 |
|
0 |
|a Heraldry
|z United States
|x Bibliography.
|
| 650 |
|
0 |
|a Heraldry
|z Great Britain
|x Bibliography.
|
| 650 |
|
0 |
|a Heraldry
|x Bibliography.
|
| 600 |
1 |
0 |
|a Filby, P. William
|q (Percy William),
|d 1911-2002.
|t American & British genealogy & heraldry.
|
| 740 |
0 |
|
|a American and British genealogy and heraldry.
|p 1982-1985 supplement.
|
| 999 |
|
|
|a MARS
|
| 999 |
f |
f |
|s ce978efd-7704-32ac-9260-a478f8e3a14f
|i 5c0a579c-254d-30e8-aa6d-263c9f1de9d3
|t 0
|
| 952 |
f |
f |
|p ric
|a Texas A&M University
|b Rellis Campus
|c Joint Library Facility
|d Remote Storage
|t 0
|e CS47 .F55 1983 Suppl.
|h Library of Congress classification
|i unmediated -- volume
|m A14811485626
|
| 998 |
f |
f |
|a CS47 .F55 1983 Suppl.
|t 0
|l Remote Storage
|